The Tenancy Deposit Schemes (Scotland) Regulations 2011 (Record no. 112411)

MARC details
000 -LEADER
fixed length control field 01261cad a22002295a 4500
001 - CONTROL NUMBER
control field E153181
008 - FIXED-LENGTH DATA ELEMENTS--GENERAL INFORMATION
fixed length control field 110620s2011 xxk f l s000 0 eng d
035 ## - SYSTEM CONTROL NUMBER
System control number (Sirsi) u153181
041 0# - LANGUAGE CODE
Language code of text/sound track or separate title eng
110 2# - MAIN ENTRY--CORPORATE NAME
Corporate name or jurisdiction name as entry element Scotland
Form subheading Laws, etc
245 04 - TITLE STATEMENT
Title The Tenancy Deposit Schemes (Scotland) Regulations 2011
Medium [electronic resource]
260 ## - PUBLICATION, DISTRIBUTION, ETC.
Place of publication, distribution, etc. Edinburgh
Name of publisher, distributor, etc. Scottish Government
Date of publication, distribution, etc. 2011
490 #0 - SERIES STATEMENT
Series statement Scottish Statutory Instrument
Volume/sequential designation 2011: 176
520 ## - SUMMARY, ETC.
Summary, etc. The Regulations clarify the procedure for approval of tenancy deposit schemes in Scotland, in support of the Scottish Government's aim to ensure that landlords in Scotland receiving a deposit in relation to a relevant tenancy participate in an approved tenancy deposit scheme and abide by its rules. The Regulations apply to those tenancies which are covered by the landlord registration provisions in the Antisocial Behaviour etc. (Scotland) Act 2004. Comes into force on 7 March 2011.
521 ## - TARGET AUDIENCE NOTE
Target audience note Advanced
590 ## - LOCAL NOTE (RLIN)
Local note KA
650 24 - SUBJECT ADDED ENTRY--TOPICAL TERM
Topical term or geographic name entry element TENANCY DEPOSIT SCHEMES (SCOTLAND) REGULATIONS 2011
651 #4 - SUBJECT ADDED ENTRY--GEOGRAPHIC NAME
Geographic name Scotland
Chronological subdivision 1999-
690 ## - LOCAL SUBJECT ADDED ENTRY--TOPICAL TERM (OCLC, RLIN)
Topical term or geographic name as entry element PROPERTY-LANDLORD AND TENANT
856 40 - ELECTRONIC LOCATION AND ACCESS
Uniform Resource Identifier <a href="https://www.legislation.gov.uk/ssi/2011/176/contents/made">https://www.legislation.gov.uk/ssi/2011/176/contents/made</a>
Public note View the SI free of charge at www.legislation.gov.uk
942 ## - ADDED ENTRY ELEMENTS (KOHA)
Suppress in OPAC 0
Holdings
Withdrawn status Lost status Source of classification or shelving scheme Damaged status Not for loan Home library Current library Shelving location Date acquired Total Checkouts Full call number Barcode Date last seen Copy number Price effective from Koha item type
    Dewey Decimal Classification     Virtual Virtual Online 20/06/2011   ONLINE PUBLICATION 153181-1001 06/08/2019 1 06/08/2019 Book